'C' Pictures by Category Quiz Stats

 Plays Quiz Updated Sep 24, 2013

Support Sporcle.
Go Orange.
Score 0/30 Timer 04:00
0 Plays Today
Picture Name % Correct
_________________
100%
_________________
99.9%
_________________
99.9%
_________________
99.9%
_________________
99.9%
_________________
99.9%
Canada
98.1%
Coffee
96.7%
Circus Clown
94.5%
Cheesecake
93.4%
Coat
92.9%
Camel
91.8%
Cheetah
91.5%
Champagne
90.1%
Chef
89.2%
Picture Name % Correct
Carpenter
87.5%
Chipmunk
85.7%
Corn-dog
85.4%
Corset
82.9%
Coyote
82.7%
Cloak
81.5%
CBS
74.2%
Canary
73.9%
Cleats
73.2%
Chevron
68.2%
Cadillac
68%
Chauffeur
66.7%
Cuba
60.7%
Chile
57.3%
Cambodia
50.4%

You're not logged in!

Compare scores with friends on all Sporcle quizzes.
OR
Log In

From the Vault

4 Movies, 1 Thing in Common V

by babymonkee

Hollywood certainly does its part to help the planet. So many movie ideas get recycled each year.
Remove Ads.
Support Sporcle.
Get the best of Sporcle when you Go Orange. This ad-free experience offers more features, more stats, and more fun while also helping to support Sporcle. Thank you for becoming a member.

Show Comments

Extras

Top Quizzes Today


Score Distribution

Your Account Isn't Verified!

In order to create a playlist on Sporcle, you need to verify the email address you used during registration. Go to your Sporcle Settings to finish the process.

Report this User

Report this user for behavior that violates our Community Guidelines.

Details: